Obituaries by Year — Modern Era - Statistics

General Stats
  • This quiz has been taken 323 times
  • The average score is 76 of 112
Answer Stats
Picture Hint Answer % Correct
1914 (royal)
Sarajevo assasination
Franz Ferdinand
96%
1969 (politician)
Communist Party of Vietnam
Ho Chi Minh
95%
1945 (writer)
The Diary of a Young Girl
Anne Frank
94%
1984 (politician)
Mother Indira
Indira Gandhi
94%
1963 (politician)
Ich bin ein Berliner
John F. Kennedy
94%
1948 (activist)
nonviolent resistance
Mahatma Gandhi
94%
1955 (scientist)
theory of relativity
Albert Einstein
93%
1977 (singer)
King of Rock & Roll
Elvis Presley
93%
1962 (actress)
pop culture icon
Marilyn Monroe
93%
1968 (activist)
I Have a Dream
Martin Luther King Jr.
93%
2009 (singer)
Thriller
Michael Jackson
93%
2013 (politician)
African National Congress
Nelson Mandela
93%
2022 (monarch)
God Save the Queen
Queen Elizabeth II
93%
1966 (animator)
Mickey Mouse
Walt Disney
93%
1916 (mystic)
Tsar's family healer
Grigori Rasputin
92%
1980 (musician)
Imagine
John Lennon
92%
1997 (activist)
Queen of People's Hearts
Princess Diana
92%
1924 (revolutionary)
1917 October Revolution
Vladimir Lenin
92%
1922 (inventor)
telephone
Alexander Graham Bell
91%
1981 (musician)
reggae
Bob Marley
91%
1991 (singer)
The Show Must Go On
Freddie Mercury
91%
1953 (politician)
Soviet Union
Joseph Stalin
91%
1934 (scientist)
radioactivity
Marie Curie
91%
2011 (businessman)
IPhone
Steve Jobs
91%
1967 (revolutionary)
Cuban revolution
Che Guevara
90%
1947 (businessman)
Model T
Henry Ford
89%
1943 (inventor)
alternating current
Nikola Tesla
89%
1939 (psychologist)
psychoanalysis
Sigmund Freud
89%
1919 (politician)
Panama Canal
Theodore Roosevelt
89%
1931 (inventor)
electric light bulb
Thomas Edison
89%
1926 (illusionist)
escapist
Harry Houdini
88%
1994 (musician)
Nirvana
Kurt Cobain
88%
1965 (activist)
OAAU
Malcolm X
88%
2025 (religious figure)
Argentine Pope
Pope Francis
88%
2006 (politician)
Iraq War
Saddam Hussein
88%
2018 (scientist)
A Brief History of Time
Stephen Hawking
88%
1973 (painter)
Guernica
Pablo Picasso
87%
1971 (musician)
What a Wonderful World
Louis Armstrong
86%
1918 (monarch)
last Tsar of Russia
Nicholas II
86%
1996 (rapper)
California Love
Tupac Shakur
86%
2014 (actor)
Good Morning, Vietnam
Robin Williams
85%
1987 (painter)
Pop Art
Andy Warhol
84%
2005 (religious figure)
Polish Pope
John Paul II
84%
1989 (painter)
The Persistence of Memory
Salvador Dalí
84%
1998 (singer)
'Ol Blue Eyes
Frank Sinatra
83%
2016 (athlete)
The Rumbe in the Jungle
Muhammad Ali
82%
2012 (singer)
Bodyguard
Whitney Houston
82%
1950 (writer)
1984
George Orwell
81%
2008 (actor)
Joker
Heath Ledger
81%
1970 (musician)
Star-Spangled Banner
Jimi Hendrix
81%
2021 (nobility)
Duke of Edinburgh
Prince Philip
81%
1951 (politician)
First lady of Argentina
Eva Peron
78%
1976 (writer)
The Death on Nile
Agatha Christie
77%
2007 (politician)
capitalism in Russia
Boris Yeltsin
76%
1961 (writer)
The Old Man and the Sea
Ernest Hemingway
76%
1940 (politician)
Stalin's rival
Leon Trotsky
76%
2004 (actor)
Don Corleone
Marlon Brando
76%
2020 (soccer player)
Goal of the century
Diego Maradona
75%
1954 (scientist)
'father' of computer science
Alan Turing
74%
1982 (actress)
Princess of Monaco
Grace Kelly
74%
1923 (engineer)
Paris 1889 World Fair Tower
Gustave Eiffel
74%
2003 (singer)
Folsom Prison Blues
Johnny Cash
74%
1936 (writer)
The Jungle Book
Rudyard Kipling
74%
1930 (writer)
Sherlock Holmes series
Arthur Conan Doyle
73%
1959 (musician)
The Day When the Music Died
Buddy Holly
72%
1938 (politician)
Republic of Turkey
Mustafa Kemal Atatürk
72%
1929 (inventor)
German inventor of car
Karl Benz
71%
1993 (actress)
Breakfast at Tiffany's
Audrey Hepburn
68%
2023 (singer)
Private Dancer
Tina Turner
68%
1928 (explorer) South Pole expedition Roald Amundsen
66%
1949 (writer)
Gone with the Wind
Margaret Mitchell
65%
1933 (politician)
Silent Cal
Calvin Coolidge
63%
2000 (politician)
Canadian PM
Pierre Trudeau
63%
1999 (film director)
The Shining
Stanley Kubrick
63%
1975 (monarch)
last Emperor of Ethiopia
Haile Selassie I
62%
1946 (writer)
The War of the Worlds
H. G. Wells
62%
2010 (writer)
Catcher on the Rye
J. D. Salinger
61%
1990 (puppeteer)
The Muppets
Jim Henson
61%
1957 (politician)
Second Red Scare
Joseph McCarthy
61%
1956 (painter)
Convergence
Jackson Pollock
60%
2024 (actress)
Minerva McGonagall
Maggie Smith
59%
1917 (courtesan)
accused espionage
Mata Hari
59%
2015 (actor)
Lord of the Rings
Christopher Lee
58%
1978 (politician)
1973 War
Golda Meir
57%
1960 (actor)
Rhett Buttler
Clark Gable
54%
1988 (businessman)
Formula One
Enzo Ferrari
52%
1937 (composer)
Rhapsody in Blue
George Gershwin
49%
1964 (politician)
First PM of India
Jawaharlal Nehru
49%
1992 (writer)
Robot science fiction series
Isaac Asimov
47%
1941 (writer)
To the Lighthouse
Virginia Woolf
47%
2001 (singer)
Princess of R&B
Aaliyah
46%
1986 (writer)
Second Sex
Simone de Beauvoir
38%
2017 (singer)
Linkin Park
Chester Bennington
36%
2019 (fashion designer)
Fendi
Karl Lagerfeld
35%
1944 (writer)
The Little Prince
Antoine de Saint-Exupéry
31%
1958 (scientist)
DNA structure
Rosalind Franklin
31%
1983 (comic artist)
The Adventures of Tintin
Hergé
30%
1995 (politician)
Oslo Accords
Yitzhak Rabin
27%
1974 (musician)
jazz pianist
Duke Ellington
26%
2002 (writer)
Pippi Longstocking
Astrid Lindgren
22%
1932 (inventor)
Kodak
George Eastman
21%
1921 (composer)
"The Carnival of the Animals"
Camille Saint-Saëns
20%
1925 (revolutionary)
1911 China Revolution
Sun Yat-sen
19%
1951 (businessman)
Volkswagen Beetle
Ferdinand Porsche
16%
1927 (dancer)
Yesenin's ex-spouse
Isadora Duncan
13%
1979 (politician)
Miracle on Han river
Park Chung Hee
13%
1972 (politician)
President of Ghana
Kwame Nkrumah
11%
1935 (actor)
Oklahoma's Favorite Son
Will Rogers
11%
1915 (composer)
"The Poem of Fire"
Alexander Scriabin
8%
1920 (journalist)
American Communist Party
John Reed
6%
1942 (pediatrician)
Warsaw orphanage
Janusz Korczak
4%
1985 (victim)
eruption in Colombia
Omayra Sánchez
4%
No matching quizzes found
Score Distribution
Percent of People with Each Score
Percentile by Number Answered
Your Score History
You have not taken this quiz